| 000 | 00000cam 2200000zi 4500 |
| 001 | 9.963268 |
| 003 | CaOODSP |
| 005 | 20260603082232 |
| 006 | m o d f |
| 007 | cr |n||||||||| |
| 008 | 260603t19831983oncd ob f000 0 eng d |
| 020 | |z0660114046 |
| 040 | |aCaOODSP|beng|erda|cCaOODSP |
| 041 | |aeng|bfre |
| 043 | |an-cn--- |
| 086 | 1 |aJS22-56/1983E-PDF|zJS22-56/1983E |
| 100 | 1 |aScarff, Elisabeth, |eauthor. |
| 245 | 10|aEvaluation of the Canadian gun control legislation : |bfinal report / |cby Elisabeth Scarff. |
| 264 | 1|aOttawa : |bSolicitor General Canada, Programs Branch, Research Division, |c[1983] |
| 264 | 4|c©1983 |
| 300 | |a1 online resource (xxiv, 217 pages) : |bgraphs |
| 336 | |atext|btxt|2rdacontent |
| 337 | |acomputer|bc|2rdamedia |
| 338 | |aonline resource|bcr|2rdacarrier |
| 500 | |aIssued also in French under title: L'évaluation des mesures législatives canadiennes relatives au contrôle des armes à feu : rapport final. |
| 500 | |aDigitized edition from print [produced by Public Safety Canada]. |
| 504 | |aIncludes bibliographical references. |
| 546 | |aIncludes some text in French. |
| 650 | 0|aFirearms|xLaw and legislation|zCanada. |
| 650 | 0|aGun control|zCanada. |
| 710 | 1 |aCanada. |bSolicitor General Canada. |bPrograms Branch, |eissuing body. |
| 710 | 1 |aCanada.|bSolicitor General Canada.|bResearch Division, |eissuing body. |
| 775 | 08|tL'évaluation des mesures législatives canadiennes relatives au contrôle des armes à feu : |w(CaOODSP)9.963269 |
| 856 | 40|qPDF|s4.40 MB|uhttps://publications.gc.ca/collections/collection_2026/sp-ps/JS22-56-1983-eng.pdf |